[Event "Garcia mem Masters"]
[Site "Santa Clara"]
[Date "1998.06.08"]
[Round "13"]
[White "Rohl, Juan"]
[Black "Teran Alvarez, Ismael"]
[Result "0-1"]
[WhiteElo "2375"]
[BlackElo "2375"]

1.e4 c5 2.Nf3 e6 3.Nc3 a6 4.d4 cxd4 5.Nxd4 Nc6 6.Be2 Qc7 7.O-O Nf6 8.Kh1 Bb4
9.Bg5 Ne7 10.Qd3 Bxc3 11.bxc3 Qe5 12.Bxf6 Qxf6 13.f4 Ng6 14.e5 Qe7 15.Rae1 O-O
16.Qg3 d6 17.Bd3 dxe5 18.fxe5 b5 19.Be4 Bb7 20.h4 Bxe4 21.Rxe4 h5 22.Rfe1 Rac8
23.Qf3 Rfd8 24.R1e3 Qb7 25.Qxh5 Rxc3 26.Qg5 Rdc8 27.Rxc3 Rxc3 28.Qd8+ Nf8
29.Rg4 Qd5 30.Qg5 g6 31.Rf4 Rc4 32.c3 b4 33.h5 Rxc3 34.Nf3 Rc4 35.Rxc4 Qxc4
36.h6 Qc7 37.Qf4 a5 38.Ng5 Qe7 39.Ne4 Nh7 40.Nd6 g5 41.Qe4 Qf8 42.Qb7 Qxh6+
43.Kg1 Qg6 44.Qa8+ Kg7 45.Qxa5 Qb1+ 46.Kh2 Qb2 47.Qc5 Qc3 48.Ne4 Qe1 49.Ng3 Qd2
50.Kh3 Kg6 51.Qc8 g4+ 52.Kxg4 Qd4+ 53.Kf3 Ng5+ 54.Ke2 Qxe5+ 55.Kf2 Qf4+  0-1

[Event "Keres mem op"]
[Site "Tallin"]
[Date "1998.06.17"]
[Round "4"]
[White "Budolina, Sofia"]
[Black "Sergejev, Roman"]
[Result "0-1"]
[WhiteElo "2150"]
[BlackElo "2385"]

1.e4 c5 2.Nf3 e6 3.d4 cxd4 4.Nxd4 a6 5.Nc3 b5 6.a3 Qc7 7.g3 Bb7 8.Bg2 Nf6
9.O-O d6 10.Re1 Nbd7 11.f4 e5 12.Nb3 Be7 13.Be3 Rc8 14.Rc1 Nb6 15.Nd2 Bc6
16.h3 O-O 17.Kh2 Rfe8 18.Qe2 Qb7 19.Bxb6 Qxb6 20.Nd5 Bxd5 21.exd5 exf4 22.gxf4 Qd4
23.Ne4 Nxe4 24.Qxe4 Qxb2 25.Qb4 Qf6 26.Re2 Rc4 27.Qd2 Rd4 28.Qe3 Qxf4+ 29.Qxf4 Rxf4
30.Rce1 Kf8 31.Re4 Rxe4 32.Rxe4 Bf6 33.Rxe8+ Kxe8 34.Bf1 Bb2 35.c4 bxc4 36.Bxc4 a5
37.a4 Ke7 38.Kg3 f5 39.Kf3 Kf6 40.Bb5 Ke5 41.Bc6 Bc3 42.Bd7 Be1 43.Be6 Kf6
44.Bg8 h5  0-1

[Event "SVK-ch"]
[Site "Prievidza"]
[Date "1998.07.02"]
[Round "6.3"]
[White "Salai, Ladislav"]
[Black "Priehoda, Vitezslav"]
[Result "1/2-1/2"]
[WhiteElo "2440"]
[BlackElo "2390"]

1.e4 c5 2.Nf3 e6 3.d4 cxd4 4.Nxd4 a6 5.Nc3 Qc7 6.Be2 b5 7.Bf3 Bb7 8.O-O d6
9.a4 b4 10.Nce2 Nf6 11.Ng3 Be7 12.Bd2 d5 13.exd5 Nxd5 14.Qe1 Nc6 15.Nxc6 Bxc6
16.c4 Nf6 17.Bxc6+ Qxc6 18.Bxb4 Qxc4 19.Bxe7 Kxe7 20.Nf5+ Kf8 21.Ne3 Qd4
22.Qc1 g6 23.Rd1 Qb4 24.Nc2 Qh4 25.Rd4 Ng4 26.Qf4 h5 27.Rd7 Qf6 28.Qxf6 Nxf6
29.Rb7 Kg7 30.Nd4 Rhe8 31.Rc1 Nd5 32.g3 Kf8 33.Nf3 Reb8 34.Rxb8+ Rxb8 35.Rc6 Rb6
36.Rc8+ Ke7 37.Ra8 Nc7 38.Rc8 Kd7 39.Rh8 Kd6 40.Ng5 f6 41.Ne4+ Ke5 42.Nd2 Kd4
43.Rh6 Rxb2 44.Nf1 Ke4 45.Rxg6 Nd5 46.Kg2 Kf5 47.Rh6 Kg5 48.Rh8 Ra2 49.Rg8+ Kf5
50.Rh8 Kg6 51.Rg8+ Kf7 52.Rh8 Kg6 53.Rg8+ Kf7 54.Rh8 f5 55.Rxh5 Nf6 56.Rh8 Rxa4
57.Nd2 Ra2 58.Rd8 Nd5 59.Nc4 Rc2 60.Na5 Ne3+ 61.Kf3 Ng4 62.Kf4 Ke7 63.Ra8 Nxh2
64.Rxa6 Rxf2+ 65.Kg5 Nf3+ 66.Kf4 Ne1+ 67.Kg5 Nf3+ 68.Kf4 Nd2+ 69.Ke3 Rg2
70.Nc6+ Kf6 71.Nd4 Ne4 72.Rxe6+  1/2-1/2

[Event "SVK-ch"]
[Site "Prievidza"]
[Date "1998.07.03"]
[Round "7.21"]
[White "Lasch, Miroslav"]
[Black "Ciganikova, Andrea"]
[Result "0-1"]
[WhiteElo "2035"]
[BlackElo "2160"]

1.e4 c5 2.Nf3 e6 3.d4 cxd4 4.Nxd4 a6 5.Nc3 Qc7 6.Be3 Nf6 7.Bd3 Be7 8.O-O O-O
9.Kh1 b5 10.a3 Bb7 11.f4 d6 12.Qf3 Re8 13.Qh3 Nbd7 14.Rae1 Nc5 15.Ndxb5 axb5
16.Bxc5 Qxc5 17.e5 g6 18.exf6 Bxf6 19.Bxb5 Rec8 20.Bd7 Rc7 21.Bxe6 fxe6 22.Qxe6+ Kg7
23.Ne4 Bxe4 24.Qxe4 Rb8 25.b4 Qxc2 26.Qd5 Qc6 27.Qd3 d5 28.f5 Qc4 29.Qg3 g5
30.Rf3 Rbc8 31.Rfe3 Qf4 32.Qh3 Rc1 33.g4 Rxe1+ 34.Rxe1 Rc1 35.Rxc1 Qxc1+
36.Kg2 Qd2+ 37.Kf1 Qd1+ 38.Kg2 Qe2+ 39.Kg1 Bd4+ 40.Kh1 Qe4+  0-1

[Event "NLD-ch"]
[Site "Rotterdam"]
[Date "1998.07.03"]
[Round "11"]
[White "Nijboer, Friso"]
[Black "Reinderman, Dimitri"]
[Result "0-1"]
[WhiteElo "2580"]
[BlackElo "2480"]

1.e4 c5 2.Nf3 e6 3.d4 cxd4 4.Nxd4 a6 5.Nc3 b5 6.Bd3 Ne7 7.Bg5 h6 8.Be3 Nec6
9.Nb3 Na5 10.O-O Nxb3 11.axb3 Bb7 12.f4 Qc7 13.Kh1 Nc6 14.e5 Be7 15.Ne4 Nb4
16.Bd4 Qc6 17.Rc1 Na2 18.Ra1 Nb4 19.Rc1 Qd5 20.Bc3 Nxd3 21.cxd3 b4 22.Be1 O-O
23.Rc4 a5 24.Bf2 Rac8 25.Rd4 Qb5 26.Kg1 Kh7 27.Be3 Rc7 28.Rc4 Rxc4 29.bxc4 Qc6
30.f5 exf5 31.Rxf5 Qe6 32.Qf3 a4 33.Bd4 a3 34.bxa3 bxa3 35.Rf4 Kg8 36.Qe2 Ra8
37.Nc3 d6 38.Rf2 dxe5 39.Qxe5 Qxe5 40.Bxe5 f6 41.Bd4 Rd8 42.Nb5 Bc6 43.Re2 Bf8
44.Bb6 Rxd3 45.Nd4 Bd7 46.Kf2 Kf7 47.Ra2 Be6 48.Rc2 Bb4 49.Nb5 Rb3 50.Bd4 Bf5
51.Rc1 a2 52.Nc3 Bxc3  0-1

[Event "Politiken Cup"]
[Site "Copenhagen"]
[Date "1998.07.04"]
[Round "1"]
[White "Olafsson, Thorvardur F"]
[Black "Grabliauskas, Virginijus"]
[Result "1/2-1/2"]
[WhiteElo "2015"]
[BlackElo "2465"]

1.e4 c5 2.Nf3 e6 3.d4 cxd4 4.Nxd4 a6 5.Nc3 b5 6.a3 Bb7 7.Bd3 Qb6 8.Nb3 Qc7
9.O-O Nf6 10.Be3 d6 11.Qe2 Nbd7 12.f3 Be7 13.Qf2 O-O 14.Rfd1 Rac8 15.Rd2 d5
16.exd5 Nxd5 17.Nxd5 Bxd5 18.Qg3 Ne5 19.Nd4 Bd6 20.Qh3 Nxd3 21.Rxd3 Bc4 22.Rd2 Bf4
23.Bxf4 Qxf4 24.Rad1 Qe3+ 25.Kh1 Rfd8 26.Qg3 g6 27.h3 Rd5 28.b3 Rg5 29.Qe1 Qxe1+
30.Rxe1 Bd5 31.Kh2 Bb7 32.Re3 Rd5 33.Red3 a5 34.Ne2 Rxd3 35.cxd3 b4 36.axb4 axb4
37.Kg3 Ra8 38.Kf2 Ra1 39.Rb2 Rd1 40.Ke3 Ba6 41.Rd2 Rb1 42.Nd4 Bb7 43.Rc2 e5
44.Nc6 Bxc6 45.Rxc6 Rxb3 46.Rb6 h5 47.Ke4 Rb2 48.Kxe5 Rxg2 49.d4 Re2+ 50.Kf4 Rh2
51.d5 Kf8 52.d6 Ke8 53.Rxb4 Rxh3 54.Re4+ Kd7 55.Re7+ Kxd6 56.Rxf7 Ke6 57.Rf8 Rh1
58.Kg5 Rg1+ 59.Kh4 Ke5 60.Rf7 Rg2 61.Rf8 Ke6 62.Ra8 Rg1 63.Rf8 Ke7 64.Ra8 Kf6
65.Rf8+ Kg7 66.Ra8 Rf1 67.Kg3 Kh6 68.Ra5 Rg1+ 69.Kh2 Rg5 70.Ra4 Rb5 71.Kg3 Kg5
72.Rc4 Kf6 73.Rf4+ Rf5 74.Ra4 Rg5+ 75.Kh4 Rg1 76.Rf4+ Kg7 77.Ra4 Kh6 78.Ra6 Re1
79.Kg3 Re5 80.Rb6 Ra5 81.Rc6 Kg5 82.Rc4 Kf6 83.Rf4+ Rf5 84.Ra4 Kg5 85.Ra6 h4+
86.Kg2 Kh5 87.Ra8 Rg5+ 88.Kf2 Rb5 89.Ra2 Kg5 90.Kg2 Kf5 91.Kf2 Rb4 92.Kg2 Kf4
93.Ra3 Rb2+ 94.Kh3 g5 95.Rc3 Rf2 96.Rc4+ Kxf3 97.Rc3+ Ke4 98.Rc4+ Kf5 99.Rc5+ Kf4
100.Rxg5 Rf1 101.Rg4+ Kf3 102.Kxh4  1/2-1/2

[Event "SVK-ch"]
[Site "Prievidza"]
[Date "1998.07.04"]
[Round "8.17"]
[White "Detko, Jan"]
[Black "Dobrotka, Martin"]
[Result "1/2-1/2"]
[WhiteElo "2120"]
[BlackElo "2235"]

1.e4 c5 2.Nf3 e6 3.d4 cxd4 4.Nxd4 a6 5.Nc3 Qc7 6.Bd3 Ne7 7.O-O Nbc6 8.Nce2 Nxd4
9.Nxd4 Nc6 10.Nxc6 bxc6 11.Qh5  1/2-1/2

[Event "Politiken Cup"]
[Site "Copenhagen"]
[Date "1998.07.06"]
[Round "3"]
[White "Christensen, Stefan"]
[Black "Grabliauskas, Virginijus"]
[Result "1-0"]
[WhiteElo "2220"]
[BlackElo "2465"]

1.e4 c5 2.Nf3 e6 3.d4 cxd4 4.Nxd4 a6 5.Nc3 b5 6.Be2 b4 7.Na4 Bb7 8.Qd3 Qa5
9.b3 Nf6 10.Bf3 Nc6 11.Nxc6 Bxc6 12.Be3 d5 13.exd5 Bxd5 14.Bxd5 Nxd5 15.O-O Be7
16.Nb2 O-O 17.Nc4 Qb5 18.Bd4 Rfd8 19.Qg3 Bf6 20.Bxf6 Nxf6 21.a4 Qh5 22.Qc7 Nd5
23.Qb7 Nf4 24.Rfe1 a5 25.Qe4 Qg4 26.Kh1 h5 27.Ne3 Qg5 28.Rad1 h4 29.h3 f5
30.Qf3 e5 31.Qb7 Kh7 32.Qc7 e4 33.Rxd8 Rxd8 34.Qxa5 Rd2 35.Qxf5+ Qxf5 36.Nxf5 Rxf2
37.Ne3 Ne2 38.a5 Nd4 39.a6 Nb5 40.Kg1 Rf6 41.Nd5 Rxa6 42.Rxe4 g5 43.Rxb4 Nd6
44.Ra4 Rc6 45.Ra7+ Kh6 46.Nb4  1-0

[Event "RUS-Cup07"]
[Site "Tomsk"]
[Date "1998.07.22"]
[Round "8"]
[White "Frolov, Denis"]
[Black "Peregudov, Y."]
[Result "1/2-1/2"]
[WhiteElo "2350"]
[BlackElo "2220"]

1.e4 c5 2.Nf3 e6 3.d4 cxd4 4.Nxd4 a6 5.Nc3 Qc7 6.Bd3 Nf6 7.O-O Be7 8.Be3 d6
9.f4 Nbd7 10.Qf3 g6 11.a4 O-O 12.Rae1 e5 13.Nde2 exf4 14.Nxf4 Ne5 15.Qg3 Be6
16.Bd4 Nc6 17.Bf2 Ne5 18.Kh1 Rae8 19.Bd4 Bd8 20.b3 Qa5 21.Nd1 Bd7 22.Ne3 Bc6
23.Nf5 Qc7 24.c4 Kh8 25.Ne3 Kg8 26.Nfd5 Bxd5 27.Nxd5 Nxd5 28.exd5 f6 29.Bf5 Kg7
30.Be6 Qb8 31.Ba1 Ba5 32.Re4 Qc7 33.Bd4 Bb4 34.Rh4 Bd2 35.Be3 Bxe3 36.Qxe3 h5
37.Qc3 Rh8 38.Qe3 a5 39.Qd2 Qc5 40.Qd4 b6 41.Qc3 Qb4 42.Qe3 Qc5 43.Qc3 Qc7
44.Qe3 Qc5  1/2-1/2

[Event "COL-ch"]
[Site "Pensilvania"]
[Date "1998.08.01"]
[Round "11"]
[White "Garcia, Gildardo"]
[Black "Zapata, Alonso"]
[Result "1-0"]
[WhiteElo "2510"]
[BlackElo "2470"]

1.e4 c5 2.Nf3 e6 3.Nc3 a6 4.d4 cxd4 5.Nxd4 Qc7 6.g3 Bb4 7.Ne2 Nf6 8.Bg2 Be7
9.O-O Nc6 10.a4 O-O 11.Nf4 Rb8 12.Nd3 d6 13.g4 b5 14.axb5 axb5 15.g5 Nd7
16.f4 b4 17.Ne2 Qb6+ 18.Kh1 b3 19.c3 Re8 20.Rf3 Nc5 21.Nf2 d5 22.Be3 Na5
23.Bd4 Nc4 24.Rb1 dxe4 25.Nxe4 Rd8 26.Nxc5 Bxc5 27.Qd3 Ba6 28.Rh3 g6 29.Qg3 e5
30.Bxc5 Qxc5 31.Qh4 h5 32.gxh6 Rd6 33.Ng3 Nd2 34.Ra1 Bc8 35.f5 Qc7 36.Ne4 Nxe4
37.Bxe4 Bxf5 38.Bxf5 gxf5 39.Qg5+ Rg6 40.Qxf5 Qb7+ 41.Rf3 Rd8 42.Rf1 Rd2
43.h7+ Kxh7 44.Qxf7+ Qxf7 45.Rxf7+ Kh6 46.R7f2 Rgd6 47.Kg2 e4 48.Re1 Rc2
49.Kf1 Rxf2+ 50.Kxf2 Rf6+ 51.Ke3 Rf3+ 52.Kxe4 Rf2 53.Rb1 Kg5 54.Kd3 Rf4 55.Re1 Rh4
56.c4 Rh3+ 57.Re3 Rxh2 58.Kc3 Kf4 59.Re8 Rh3+ 60.Kb4  1-0

[Event "MK Cafe Cup-A"]
[Site "Koszalin"]
[Date "1998.08.04"]
[Round "2"]
[White "Nisipeanu, Liviu Dieter"]
[Black "Murdzia, Piotr"]
[Result "1-0"]
[WhiteElo "2575"]
[BlackElo "2405"]

1.e4 c5 2.Nf3 e6 3.Nc3 a6 4.d4 cxd4 5.Nxd4 Qc7 6.Be2 Nc6 7.f4 Nxd4 8.Qxd4 Ne7
9.Be3 Nc6 10.Qb6 Qxb6 11.Bxb6 Be7 12.O-O-O Bd8 13.Na4 Rb8 14.Rd2 f6 15.Rhd1 Rf8
16.Bc4 Bxb6 17.Nxb6 Rf7 18.c3 Re7 19.b4 Nd8 20.Bb3 Nf7 21.Ba4  1-0

[Event "Budapest FS08 IM-B"]
[Site "Budapest"]
[Date "1998.08.05"]
[Round "5"]
[White "Kerek, Krisztian"]
[Black "Arnold, Lothar"]
[Result "1/2-1/2"]
[WhiteElo "2335"]
[BlackElo "2355"]

1.e4 c5 2.Nf3 e6 3.d4 cxd4 4.Nxd4 a6 5.Nc3 Qc7 6.Bd3 Nc6 7.Be3 Nf6 8.O-O Ne5
9.h3 b5 10.f4 Nc4 11.Bxc4 Qxc4 12.Qd3 Bb7 13.a4 Qxd3 14.cxd3 b4 15.Nce2 Be7
16.Rfc1 O-O 17.Nb3 Rac8 18.Bc5 Bxc5+ 19.Nxc5 Rc7 20.Kf2 Rb8 21.Nd4 Ne8 22.Ndb3 Kf8
23.Na5 Bc8 24.Ncb3 Ke7 25.Rxc7 Nxc7 26.Rc1 Kd8 27.Rc5 Bb7 28.Rh5 h6 29.g4 Ke7
30.Rc5 Kd8 31.Rh5 Ke7 32.Rc5 Kd8 33.Nd4 Ba8 34.Ke3 f6 35.Rc4 e5 36.fxe5 fxe5
37.Nc2 b3 38.Rb4 Rc8 39.Rxb3 d5 40.Nb4 dxe4 41.dxe4 Kd7 42.Rd3+ Ke6 43.Nb3 Kf6
44.Nxa6 Nxa6 45.Rd6+ Kg5 46.Rxa6 Kh4 47.Nc5 Rxc5 48.Rxa8 Kxh3 49.Kd3 Kxg4
50.b4 Rc1 51.a5 h5 52.a6 h4 53.a7 Rc7 54.b5 Rb7 55.Kc4 h3 56.Kc5 h2 57.Rh8 Rxa7
58.Rxh2 Kf4 59.b6 Ra8 60.Re2 g5 61.b7 Rg8 62.Kc6 g4 63.Kc7 g3 64.b8=Q Rxb8
65.Kxb8 Kf3 66.Re1 Kf2 67.Ra1 Kf3 68.Ra3+ Kf4 69.Kc7 g2 70.Ra1 Kxe4 71.Kd6 Kf3
72.Kxe5  1/2-1/2

[Event "COL-ch"]
[Site "Pensilvania"]
[Date "1998.08.06"]
[Round "6"]
[White "Alzate, Dario"]
[Black "Perdomo, Carlos Andres"]
[Result "1/2-1/2"]
[WhiteElo "2390"]
[BlackElo "2410"]

1.e4 c5 2.Nf3 e6 3.d4 cxd4 4.Nxd4 a6 5.Nc3 b5 6.Bd3 Bb7 7.a3 Nc6 8.Be3 Nf6
9.O-O Ne5 10.Nf3 Nxd3 11.cxd3 Be7 12.Rc1 O-O 13.Nd4 Rc8 14.b4 d6 15.Qe2 Qd7
16.Rc2 Rfe8 17.Rfc1 Bf8 18.Nb3 g6 19.Na5 Bg7 20.Bd2 Ba8 21.Nd1  1/2-1/2

[Event "MK Cafe Cup-A"]
[Site "Koszalin"]
[Date "1998.08.07"]
[Round "5"]
[White "Berelovich, Aleksandar"]
[Black "Kveinys, Aloyzas"]
[Result "1/2-1/2"]
[WhiteElo "2495"]
[BlackElo "2545"]

1.e4 c5 2.Nf3 e6 3.d4 cxd4 4.Nxd4 a6 5.Nc3 b5 6.g3 b4 7.Na4 Bb7 8.Bg2 Nf6
9.Bg5 Qa5 10.Bxf6 gxf6 11.c3 Nc6 12.O-O Rc8 13.Ne2 Ne5 14.cxb4 Bxb4 15.a3 Be7
16.b4 Qb5 17.f4 Nc6 18.Nec3 Qc4 19.Rc1 Qd4+ 20.Qxd4 Nxd4 21.Rfd1 e5 22.Kf2 h5
23.Nd5 Bc6 24.h4 Rb8 25.Nc5 Bxd5 26.Nxa6 Nb3 27.Nxb8 Nxc1 28.Rxc1 Bd6 29.Na6 Ke7
30.fxe5  1/2-1/2

[Event "Eikrem mem"]
[Site "Gausdal"]
[Date "1998.08.09"]
[Round "9"]
[White "Snarheim, Dagfinn"]
[Black "Richardson, Keith B"]
[Result "1-0"]
[WhiteElo "2190"]
[BlackElo "2185"]

1.e4 c5 2.Nf3 e6 3.d4 cxd4 4.Nxd4 a6 5.Nc3 Qc7 6.Be3 Nf6 7.Bd3 b5 8.O-O Bb7
9.a3 Bc5 10.Bxb5 Nxe4 11.Nxe4 Bxe4 12.Qg4 Bg6 13.Nxe6 fxe6 14.Qxe6+ Kd8 15.Qd5 Bxe3
16.fxe3 Ra7 17.Ba4 Re8 18.Rf4 Qe5 19.Qc4 a5 20.Re1 Rc7 21.Qb3 Rxc2 22.Rd1 Rxb2
23.Qxb8+ Qxb8 24.Rxd7+  1-0

[Event "AZ Sanace Cup"]
[Site "Olomouc"]
[Date "1998.08.13"]
[Round "6"]
[White "Kalod, Radek"]
[Black "Mirumian, Vigen"]
[Result "1/2-1/2"]
[WhiteElo "2435"]
[BlackElo "2470"]

1.e4 c5 2.Nf3 e6 3.d4 cxd4 4.Nxd4 a6 5.Nc3 d6 6.Be3 b5 7.g4 Bb7 8.Bg2 Nd7
9.g5 Ne7 10.a3 Rc8 11.h4 Ne5 12.Rh3 N7c6 13.Nxc6 Bxc6 14.Qe2 Be7 15.f4 Nc4
16.Bc1 O-O 17.b3 Nb6 18.Bb2 Qc7 19.O-O-O Rfe8 20.Qd2  1/2-1/2

[Event "AZ Sanace Cup"]
[Site "Olomouc"]
[Date "1998.08.13"]
[Round "6"]
[White "Betko, Lubomir"]
[Black "Stohl, Igor"]
[Result "0-1"]
[WhiteElo "2300"]
[BlackElo "2540"]

1.e4 c5 2.Nf3 e6 3.d4 cxd4 4.Nxd4 a6 5.Nc3 d6 6.Be3 b5 7.Qd2 Bb7 8.f3 Nf6
9.O-O-O Nbd7 10.g4 h6 11.a3 Ne5 12.h4 Nfd7 13.Qg2 Rc8 14.g5 Rxc3 15.bxc3 Qa5
16.Nb3 Qxc3 17.Qd2 Qxd2+ 18.Nxd2 d5 19.a4 bxa4 20.exd5 Bxd5 21.Bxa6 Nxf3
22.Nxf3 Bxf3 23.Bb5 Ba3+ 24.Kb1 Bxh1 25.Ka2 Bb4 26.Rxh1 Ke7 27.gxh6 gxh6
28.Rd1 Nf6 29.Bd4 Rc8 30.Bxa4 Nd5 31.Bb3 Nc3+ 32.Bxc3 Bxc3 33.Ba4 Rc4 34.Rd7+ Kf6
35.Ra7 Bd4 36.Kb3 Rc3+ 37.Kb4 Bxa7 38.Kxc3 h5 39.Kd3 Bf2 40.c4 Bxh4 41.Ke3 Bg3
42.c5 Bb8 43.Bd1 Kg5 44.Kf3 f5 45.Kg2 e5 46.c6 e4 47.Be2 f4 48.Bd1 Bc7 49.Be2 Kh4  0-1

[Event "Hampstead GM3"]
[Site "Hampstead"]
[Date "1998.08.15"]
[Round "6"]
[White "Kreiman, Boris"]
[Black "Dunnington, Angus J"]
[Result "1-0"]
[WhiteElo "2455"]
[BlackElo "2365"]

1.e4 c5 2.Nf3 e6 3.d4 cxd4 4.Nxd4 a6 5.Nc3 b5 6.Bd3 Qb6 7.Nb3 Qc7 8.O-O Nf6
9.f4 Bb7 10.Qe2 d6 11.e5 dxe5 12.fxe5 Nfd7 13.Bf4 b4 14.Ne4 Nxe5 15.Kh1 Nbd7
16.Ng5 Bd6 17.Nxf7 Rf8 18.Nxd6+ Qxd6 19.Be4 Bxe4 20.Qxe4 Qc6 21.Qxb4 Qc4
22.Qxc4 Nxc4 23.Rae1 e5 24.Kg1 Nxb2 25.Bxe5 Rxf1+ 26.Kxf1 Nxe5 27.Rxe5+ Kd7
28.Rd5+ Kc6 29.Rf5 Ra7 30.Ke2 Re7+ 31.Kf3 Kb6 32.Rf4 a5 33.Rd4 Rc7 34.Rd6+ Kb5
35.Ke4 a4 36.Nd4+ Kc4 37.Ne6 Re7 38.a3 Kc3 39.Rc6+ Kd2 40.Ke5 Rd7 41.h4 Rf7
42.Rc8 Rf2 43.Nf4 Kd1 44.c4 Kc2 45.c5 Nc4+ 46.Ke4 Nxa3 47.c6 Nc4 48.Rd8 a3
49.c7  1-0

[Event "AZ Sanace Cup"]
[Site "Olomouc"]
[Date "1998.08.15"]
[Round "8"]
[White "Betko, Lubomir"]
[Black "Mirumian, Vigen"]
[Result "0-1"]
[WhiteElo "2300"]
[BlackElo "2470"]

1.e4 c5 2.Nf3 e6 3.d4 cxd4 4.Nxd4 a6 5.Nc3 d6 6.g4 Ne7 7.Bg2 Nec6 8.Nb3 b5
9.Be3 Bb7 10.g5 Nd7 11.f4 Be7 12.Qg4 Na5 13.Nxa5 Qxa5 14.O-O O-O 15.a3 Rfe8
16.Rad1 Bf8 17.Rd3 Rac8 18.Bd2 Qb6+ 19.Kh1 g6 20.Rh3 Bg7 21.f5 exf5 22.Qh4 Nf8
23.exf5 Bxg2+ 24.Kxg2 Qb7+ 25.Rhf3 gxf5 26.Qf4 Ng6  0-1

[Event "Dresden op"]
[Site "Dresden"]
[Date "1998.08.19"]
[Round "4"]
[White "Polzin, Rainer"]
[Black "Romanishin, Oleg M"]
[Result "1/2-1/2"]
[WhiteElo "2420"]
[BlackElo "2600"]

1.e4 c5 2.Nf3 e6 3.d4 cxd4 4.Nxd4 a6 5.Nc3 Nc6 6.Be2 Nge7 7.Be3 Nxd4 8.Qxd4 b5
9.O-O Nc6 10.Qd2 Be7 11.f4 d6 12.f5 O-O 13.fxe6 Bxe6 14.a4 b4 15.Nd5 a5 16.Bc4 Ne5
17.Bb3 Rc8 18.Bb6 Qd7 19.Bd4 Bd8 20.Qf2 Nc6 21.Be3 Bxd5 22.Bxd5 Bf6 23.Rab1 Ne5
24.Qg3 Ng4 25.Bb3 Be5 26.Bf4 Bxf4 27.Qxf4 Ne5 28.Rbd1 Qe7 29.Rd5 Rc5 30.Rfd1  1/2-1/2

[Event "Wch (Men) U26"]
[Site "Rotterdam"]
[Date "1998.08.19"]
[Round "8"]
[White "Andreev, Eduard"]
[Black "Masserey, Yvan"]
[Result "1/2-1/2"]
[WhiteElo "2330"]
[BlackElo "2345"]

1.e4 c5 2.Nf3 e6 3.d4 cxd4 4.Nxd4 a6 5.Nc3 b5 6.Bd3 Qb6 7.Nb3 Qc7 8.O-O Bb7
9.f4 Nf6 10.e5 b4 11.Ne2 Nd5 12.Qe1 f5 13.exf6 Nxf6 14.c4 a5 15.f5 a4 16.Nd2 Bc5+
17.Kh1 O-O 18.Ng3 Nc6 19.Nde4 Bd4 20.fxe6 dxe6 21.Nxf6+ Rxf6 22.Rxf6 Bxf6
23.Qxe6+ Kf8 24.Be3 Qe5 25.Qxe5 Nxe5 26.Bc5+ Kf7 27.Be4 Bxe4 28.Nxe4 Nxc4
29.Nxf6 gxf6 30.Bxb4 Nxb2 31.Bc3 Nd3 32.Rf1 Ra6 33.g4 Kg6 34.Rf3  1/2-1/2

[Event "Mislata op7th"]
[Site "Valencia"]
[Date "1998.08.20"]
[Round "8.5"]
[White "Arizmendi Martinez, Julen Luis"]
[Black "Spassov, Liuben"]
[Result "1-0"]
[WhiteElo "2440"]
[BlackElo "2440"]

1.e4 c5 2.Nf3 e6 3.d4 cxd4 4.Nxd4 a6 5.Nc3 Qc7 6.g3 Nc6 7.Bg2 Nf6 8.O-O Bc5
9.Nxc6 dxc6 10.Na4 Ba7 11.c4 b5 12.e5 Nd7 13.cxb5 axb5 14.Nc3 Ba6 15.Ne4 O-O
16.Bf4 Nxe5 17.Rc1 Bb8 18.Rxc6 Qe7 19.Rc5 Rd8 20.Qc2 Nd3 21.Bxb8 Raxb8 22.Rc7 Nb4
23.Qc3 Qf8 24.Ng5 Rd3 25.Qe5 Qd6 26.Nxf7 Qxe5 27.Nxe5 Rd4 28.a3 Rd2 29.Nd7 Rc8
30.Rxc8+ Bxc8 31.Nb6  1-0

[Event "Dresden op"]
[Site "Dresden"]
[Date "1998.08.21"]
[Round "6"]
[White "Metz, Hartmut"]
[Black "Romanishin, Oleg M"]
[Result "0-1"]
[WhiteElo "2285"]
[BlackElo "2600"]

1.e4 c5 2.Nf3 e6 3.d4 cxd4 4.Nxd4 a6 5.Nc3 Qc7 6.Bd3 Bd6 7.Be3 Nf6 8.h3 Nc6
9.Qd2 b5 10.Nb3 Be7 11.f4 d6 12.g4 b4 13.Ne2 a5 14.g5 Nd7 15.Ng3 O-O 16.O-O a4
17.Nd4 Nxd4 18.Bxd4 e5 19.Nf5 Nc5 20.Nxe7+ Qxe7 21.Bxc5 dxc5 22.f5 c4 23.Be2 Qc5+
24.Kg2 Bb7 25.Bf3 a3 26.b3 Rfd8 27.Qf2 Qxf2+ 28.Rxf2 cxb3 29.cxb3 Rac8 30.Re1 Kf8
31.Ree2 Rd4 32.Rd2 Rcd8 33.Rxd4 Rxd4 34.Re2 Ke7 35.Kf2 Ba6 36.Rc2 Kd6 37.Ke3 Rd3+
38.Kf2 Rd4 39.Ke3 Rd3+ 40.Kf2 Bb5 41.h4 Rc3 42.Rxc3 bxc3 43.Ke3 c2 44.Kd2 Bd3
45.h5 Ke7 46.b4 h6 47.f6+ Kf8 48.gxh6 gxf6 49.b5 Bxb5 50.Kxc2 Bc4 51.Kc3 Bxa2
52.Kb4 Bd5 53.Kxa3 Bb7 54.Kb4 f5 55.Kc5 fxe4 56.Be2 f6 57.Kd6 Bc8 58.Bd1 Bf5
59.Be2 Bc8 60.Bd1 Bf5 61.Be2 e3 62.h7 Bxh7 63.Ke6 Kg7 64.Bg4 Bg8+ 65.Kf5 Kf7
66.Ke4 Bh7+ 67.Kxe3 f5 68.Bd1 Kf6 69.Ba4 Kg5 70.Be8 f4+ 71.Kf2 e4 72.Kg2 Bf5  0-1

[Event "Wiesbaden op"]
[Site "Wiesbaden"]
[Date "1998.08.23"]
[Round "3"]
[White "Rechel, Bernd"]
[Black "Roth, Markus"]
[Result "1-0"]
[WhiteElo "2365"]
[BlackElo "2125"]

1.e4 c5 2.Nf3 e6 3.d4 cxd4 4.Nxd4 a6 5.Nc3 b5 6.a3 Qc7 7.Bd3 Bc5 8.Nb3 Ba7
9.Qg4 Kf8 10.O-O Nf6 11.Qh4 d6 12.Kh1 Nbd7 13.f4 Bb7 14.Bd2 h5 15.Rae1 Ng4
16.f5 e5 17.Bg5 Ndf6 18.h3 Kg8 19.Qg3 Qd8 20.Bh4 Rc8 21.Nd5 Bxd5 22.exd5 Kf8
23.Re2 a5 24.Qe1 a4 25.Na5 Qb6 26.Nc6 Nxd5 27.Nxa7 Qxa7 28.hxg4 hxg4 29.g3 Qd4
30.Be4 Nf6 31.c3 Qc4 32.Bg2 Nd7 33.Rd2 Qc5 34.Rd5 Qb6 35.Qd2 Rc6 36.Rd1 Rh6
37.f6 Nxf6 38.Rxd6 e4 39.Rd8+  1-0

[Event "CRO-chT"]
[Site "Porec"]
[Date "1998.09.05"]
[Round "1"]
[White "Feletar, Darko"]
[Black "Cucancic, Sinisa"]
[Result "1-0"]
[WhiteElo "2355"]
[BlackElo "2215"]

1.e4 c5 2.Nf3 e6 3.d4 cxd4 4.Nxd4 a6 5.Nc3 Qc7 6.Bd3 Nc6 7.Be3 Nf6 8.O-O Nxd4
9.Bxd4 Bc5 10.Bxc5 Qxc5 11.a4 b6 12.Qe2 d6 13.Kh1 O-O 14.f4 e5 15.Bc4 Be6
16.Bxe6 fxe6 17.f5 exf5 18.Rxf5 b5 19.Rff1 b4 20.Na2 Rac8 21.Rfe1 a5 22.c3 Qc4
23.Qxc4+ Rxc4 24.b3 Rxe4 25.Rxe4 Nxe4 26.cxb4 axb4 27.Nxb4 Nc3 28.a5 Nb5
29.a6 e4 30.Nd5 Kf7 31.Rf1+ Ke8 32.Rxf8+ Kxf8 33.Nc3 e3 34.Kg1 Na7 35.b4 Ke8
36.b5 Kd7 37.b6  1-0

[Event "CRO-chT"]
[Site "Porec"]
[Date "1998.09.06"]
[Round "2"]
[White "Jukic, Branimir"]
[Black "Vukelic, Tomislav"]
[Result "1/2-1/2"]
[WhiteElo "2385"]
[BlackElo "2310"]

1.e4 c5 2.Nf3 e6 3.d4 cxd4 4.Nxd4 a6 5.Nc3 Qc7 6.Be2 Nf6 7.O-O d6 8.f4 Nbd7
9.Bf3 Be7 10.g4 h6 11.Bg2 Nf8 12.Kh1 Ng6 13.Be3 Nh4 14.Bh3 Nh7 15.Bf2 Ng6
16.Bg3 O-O 17.Nf3 b5 18.a3  1/2-1/2

[Event "CRO-chT"]
[Site "Porec"]
[Date "1998.09.10"]
[Round "5"]
[White "Bogut, Zeljko"]
[Black "Kurajica, Bojan"]
[Result "0-1"]
[WhiteElo "2360"]
[BlackElo "2570"]

1.e4 c5 2.Nf3 e6 3.d4 cxd4 4.Nxd4 a6 5.Nc3 Qc7 6.Be3 b5 7.Qd2 Nf6 8.f3 Nc6
9.O-O-O Ne5 10.g4 h6 11.Kb1 d6 12.Bd3 Nfd7 13.h4 Bb7 14.g5 hxg5 15.hxg5 Rxh1
16.Rxh1 g6 17.Rh7 b4 18.Nce2 Nxd3 19.cxd3 e5 20.Nc2 a5 21.f4 d5 22.f5 dxe4
23.fxg6 fxg6 24.Ng3 exd3 25.Qxd3 Qc6 26.Rxd7 Qxd7 27.Qxg6+ Qf7 28.Qb6 Ra6
29.Qb5+ Kd8 30.Qxe5 Bd6 31.Qd4 Qg6 32.Qh8+ Kc7 33.Ne2 Be4 34.Nd4 Bxc2+ 35.Kc1 Ba4
36.b3 Bd7 37.Qh1 Qd3  0-1

[Event "CRO-chT"]
[Site "Porec"]
[Date "1998.09.14"]
[Round "8"]
[White "Leventic, Ivan"]
[Black "Horvath, Jozsef"]
[Result "1-0"]
[WhiteElo "2375"]
[BlackElo "2530"]

1.e4 c5 2.Nf3 e6 3.d4 cxd4 4.Nxd4 a6 5.Nc3 b5 6.Bd3 Qb6 7.Nb3 Qc7 8.O-O d6
9.Qe2 Nf6 10.Bd2 Nc6 11.f4 Be7 12.Rae1 b4 13.Nd1 e5 14.Ne3 exf4 15.Nd5 Qd8
16.Bxf4 O-O 17.Kh1 Ng4 18.e5 dxe5 19.Qe4 g6 20.Nxe7+ Nxe7 21.Qxa8 exf4 22.Rxf4 Nd5
23.Rxg4 Bxg4 24.Qxd8 Rxd8 25.Bxa6 Ne3 26.Bd3 Nd1 27.h3 Nf2+ 28.Kg1 Nxd3 29.cxd3 Bf5
30.Nc5 Rd5 31.Na6 Rd4 32.Kf2 b3 33.axb3 Rxd3 34.Nc5 Rd2+ 35.Re2 Rd1 36.Ke3 h5
37.b4 Rd6 38.Rd2 Rb6 39.Rd4 Kg7 40.h4 Kf6 41.Kf4 Ke7 42.g3 f6 43.Na4 Rb8
44.Nc3 Ke6 45.b5 Rg8 46.Rc4 g5+ 47.Kf3 Bh3 48.b6 gxh4 49.gxh4 Bg2+ 50.Ke3 f5
51.Ne2 Be4 52.Rb4 Kd6 53.b7 Rb8 54.Ng3 Kc5 55.Rb3 Bd5 56.Rc3+ Kd6 57.Kf4 Rxb7
58.Nxf5+ Ke6 59.Nd4+ Kf6 60.Rc5 Bf7 61.Rb5 Rd7 62.Rb6+ Kg7 63.Nf5+ Kh7 64.Kg5 Bc4
65.Rh6+ Kg8 66.Rd6 Ra7 67.Kxh5 Kf7 68.Kg5 Be6 69.Nd4 Ra5+ 70.Kf4 Bc8 71.Rd8 Bh3
72.b4 Ra4 73.Rb8 Kg6 74.Rb6+ Kf7 75.Nf3 Bg2 76.Ne5+ Ke7 77.h5 Ra1 78.h6 Rh1
79.Ra6 Bd5 80.Ng4 Be6 81.Kg5 Rg1 82.Rxe6+ Kxe6 83.h7  1-0

[Event "Elista ol (Men)"]
[Site "Elista"]
[Date "1998.10.01"]
[Round "3"]
[White "Van Riemsdijk, Herman C"]
[Black "Perdomo, Carlos Andres"]
[Result "1-0"]
[WhiteElo "2405"]
[BlackElo "2410"]

1.e4 c5 2.Nf3 e6 3.d4 cxd4 4.Nxd4 a6 5.Nc3 b5 6.Bd3 Bb7 7.O-O Nc6 8.Nxc6 Bxc6
9.Qe2 Ne7 10.a4 b4 11.Nd1 a5 12.Ne3 Ng6 13.Bb5 Qc7 14.Nc4 Bc5 15.b3 O-O 16.Be3 Bxe3
17.Qxe3 Rfb8 18.Bxc6 Qxc6 19.e5 f6 20.f4 Rf8 21.Rad1 fxe5 22.fxe5 Nh4 23.Rf2 Nf5
24.Qf3 Qc5 25.Rxd7 Rad8 26.Rxd8 Rxd8 27.h3 Qd4 28.g4 Nh6 29.Nxa5 Qa1+ 30.Kg2 Rc8
31.Nc6 Kh8  1-0